• 首页
  • 本馆介绍
  • 公告通知
  • 最新文献
  • 馆藏检索
  • 电子资源
  • 读者导购
  • 参考咨询
  • 我的图书馆
  • 登录
  • 详细信息显示
  • 放入我的书架
  • 预约/预借图书
  • 作者相关作品
  • 分类相关作品
  • 丛书相关作品
  • 出版社相关作品

书目信息

  • 表格格式
  • 工作单格式
  • 卡片格式
题名:
电影表演理论基础及表演训练
    
 
作者: 孙强 著
分册:  
出版信息: 北京   中国国际广播出版社  2021.3
页数: 348页
开本: 24cm
丛书名:
单 册:
中图分类: J912.2
科图分类:
主题词: 电影表演--表演艺术
电子资源:
ISBN: 978-7-5078-4766-6
000 01083nam0 2200253 45
001 490132
005 20140817190237.0
010    @a978-7-5078-4766-6@dCNY88.00
100    @a20210420d2021 em y0chiy0110 ea
101 0  @achi
102    @aCN@b110000
105    @ay az 000yy
106    @ar
200 1  @a电影表演理论基础及表演训练@Adian ying biao yan li lun ji chu ji biao yan xun lian@f孙强著
210    @a北京@c中国国际广播出版社@d2021.3
215    @a348页@d24cm
314    @a孙强,中共党员,北京电影学院表演系本科、硕士研究生,现就职于首都师范大学科德学院。
320    @a有书目 (第346-348页)
330    @a本书的内容具有由浅入深、兼容并蓄的特色。从“表演元素的基本概念”到“演员的性格化创造”,涵盖了影视表演学习中各阶段的知识要点;从“小品的结构与加工”到“影视表演的特性”,兼顾了舞台上的表演和镜头前的表演,体现了电影表演教学的特色。本书对电影表演教学具有实际的指导意义:既有表演教学的专业性,又有表演自学的普及性。
606 0  @a电影表演@x表演艺术
690    @aJ912.2@v5
701  0 @a孙强@Asun qiang@4著
801    @aCN@b江苏凤凰@c20211018
905    @b1355761-4@dJ912.2@e410@f4
    
    电影表演理论基础及表演训练/孙强著.-北京:中国国际广播出版社,2021.3
    348页;24cm
    
    
    ISBN 978-7-5078-4766-6:CNY88.00
    本书的内容具有由浅入深、兼容并蓄的特色。从“表演元素的基本概念”到“演员的性格化创造”,涵盖了影视表演学习中各阶段的知识要点;从“小品的结构与加工”到“影视表演的特性”,兼顾了舞台上的表演和镜头前的表演,体现了电影表演教学的特色。本书对电影表演教学具有实际的指导意义:既有表演教学的专业性,又有表演自学的普及性。
●
相关链接 在E读中查询图书 在五车中查询图书 在当当中查询图书 在豆瓣中查询图书


正题名:电影表演理论基础及表演训练     索取号:J912.2/410         预约/预借

序号 登录号 条形码 馆藏地/架位号 状态 备注
1 1355761   213557612   第一样本阅览室/ [索取号:J912.2/410] 在馆    
2 1355762   213557621   第一借阅区/ [索取号:J912.2/410] 在馆    
3 1355763   213557630   第一借阅区/ [索取号:J912.2/410] 在馆    
4 1355764   213557649   第一借阅区/ [索取号:J912.2/410] 在馆    
唐山师范学院图书馆 欢迎您!
大连网信软件有限公司© 版权所有